The world of the computer

Na minha lista:
Detalhes bibliográficos
Formato: Livro
Idioma:Undetermined
Publicado em: New York Random House 1973
Assuntos:
Tags: Adicionar Tag
Sem tags, seja o primeiro a adicionar uma tag!
Thư viện lưu trữ: Trung tâm Học liệu Trường Đại học Cần Thơ
LEADER 00466nam a2200157Ia 4500
001 CTU_87201
008 210402s9999 xx 000 0 und d
082 |a 001.6 
082 |b W927 
245 4 |a The world of the computer 
260 |a New York 
260 |b Random House 
260 |c 1973 
650 |a electronic data processing,electronic digital computers,computers and civilization 
904 |i M.Loan 
980 |a Trung tâm Học liệu Trường Đại học Cần Thơ